|
|
|
|
| LEADER |
00000cam a2200000 7i4500 |
| 001 |
0000059773 |
| 005 |
20160214.0 |
| 008 |
160214 |
| 020 |
|
|
|a 0806931817
|
| 020 |
|
|
|a 9780806931814
|
| 090 |
0 |
0 |
|a 746.443041
|b BEE
|
| 100 |
1 |
|
|a Beesley, Terrece
|
| 245 |
1 |
0 |
|a Progressive cross-stitch :
|b Fast to fantastic variations from single patterns
|c Terrece Beesley
|
| 260 |
|
|
|a New York :
|b Sterling Publishing Company, Inc ,
|c 1995
|
| 300 |
|
|
|a 142 pg :
|b (i)bw & col
|
| 500 |
|
|
|a Includes Index 143-144 pg
|
| 650 |
|
0 |
|a Cross-stitch
|x Patterns
|
| 650 |
|
0 |
|a Silk ribbon embroidery
|
| 999 |
|
|
|a 0000828039
|b Book
|c Adult Collection
|e Cawangan Pontian
|
| 999 |
|
|
|a 0000828041
|b Book
|c Adult Collection
|e Cawangan Bandar Penawar
|
| 999 |
|
|
|a 0000828042
|b Book
|c Adult Collection
|e Cawangan Muar
|
| 999 |
|
|
|a 0000828043
|b Book
|c Adult Collection
|e Cawangan Segamat
|
| 999 |
|
|
|a 0000828044
|b Book
|c Adult Collection
|e Cawangan Tmn. Ungku Tun Aminah
|